Statistics for Name every Blend-S Character

Click here to take the quiz!

General Stats

  • This quiz has been taken 10 times
  • The average score is 7 of 10

Answer Stats

Trait/RoleAnswer% Correct
Younger SisterMafuyu Hoshikawa
100%
Sister of #1Aika Sakuranomiya
88%
ManagerDino
88%
TsundereKaho Hinata
88%
SadistMaika Sakuranomiya
88%
IdolHideri Kanzaki
75%
ChefKoyo Akizuki
75%
Older SisterMiu Amano
63%
DogOwner
50%
Brother of #1Koichi Sakuranomiya
25%

Score Distribution

Percentile by Number Answered

Percent of People with Each Score

Your Score History

You have not taken this quiz